EuropaJapão (Registo nº 10964)
[ vista simples ]
| 000 -Etiqueta do registo | |
|---|---|
| Valores | 00558nam a22001571i 4500 |
| 090 ## - | |
| -- | 10964 |
| 010 ## - Número ISBN | |
| ISBN | 9789729587122 |
| 100 ## - Dados gerais de processamento | |
| Dados gerais | 20170304u u u0frey50 ba |
| 101 0# - Língua de publicação | |
| -- | por |
| 200 1# - Titulo e menção de responsabilidade | |
| Primeira menção de responsabilidade | Luís Fróis |
| Título próprio | EuropaJapão |
| Informação de outro título | Um Diálogo Civizacional no Século XVI |
| 215 ## - Descrição física | |
| Paginação / Volumes | 179 [1] p |
| Outras indicações físicas | il |
| Dimensões | 21 cm |
| 210 ## - Publicação | |
| Nome do editor | Comissão Nacional para as Comemorações dos Descobrimentos Portugueses |
| Data de publicação | 1993 |
| 700 #1 - Autor principal (pessoa individual) | |
| Apelido | Fróis |
| Nome | Luís |
| -- | 070 |
| 996 ## - ISO2709 | |
| -- | 0012041 |
| -- | FRO |
| -- | 00000000 |
| -- | 00000000 |
| -- | BMVA |
| -- | 1 |
| -- | Viana do Alentejo |
| -- | História Universal |
| -- | 27 |
| -- | Livro |
| -- | 0 |
| -- | 1 |
| 990 ## - Elementos KOHA | |
| Tipo de documento | Livro |
| Situação do levantamento | Estado | Biblioteca de origem | Biblioteca de empréstimo | Localização na Estante | Código de barras | Cota | Permissão de empréstimo | Tipo de documento | Nota relativa ao exemplar |
|---|---|---|---|---|---|---|---|---|---|
| Completo | Biblioteca Municipal de Viana Do Alentejo | Biblioteca Municipal de Viana Do Alentejo | Depósito | 0015507 | FRO | Disponível | Livro | cx - 102-vnt |